000
00326nam a22001457a 4500
003
SGT
082
_a
617.632
_b
H23G
100
_a
Godara, Eshika
245
_a
Haematological disorders and periodontics
260
_b
SGT University
_c
2024
300
_a
132
650
_a
Periodontology
653
_a
MDS LD
942
_2
ddc
_c
TH
999
_c
27178
_d
27178